| 000 | 00387nam a2200169Ia 4500 | ||
|---|---|---|---|
| 008 | 230512s9999 xx 000 0 und d | ||
| 041 | _aeng | ||
| 082 | _a336.22 | ||
| 100 | _aED BY SOUNDARARAJ F & ETC | ||
| 245 | _aASSESSORS HANDBOOK | ||
| 250 | _a1 | ||
| 260 | _bNAAC BANGALORE | ||
| 300 | _a91 | ||
| 500 | _aPaper Back | ||
| 520 | _aReference Copy | ||
| 650 | _aReference Book | ||
| 999 |
_c407154 _d407154 |
||